000 00913nam a2200301 i 4500
003 EG-GICUC
005 20260404074353.0
008 260404s1929 sz ||||fr|||| 00| 0 eng d
040 _aEG-GiCUC
_cEG-GiCUC
_dEG-GiCUC
_eRda
_bfre
082 0 4 _221
_a341.78
_bBR . L
092 0 4 _221
099 _aLaw1 11 341.78 BR . L 1929
100 1 _aBradfield, B
_eAuthor.
111 _a
245 1 2 _aA Little Book on Intellectual Co-operation /
_b
_cB. Bradfield.
264 1 _aGeneva :
_bLibrairie Kundig,
_c1929.
300 _a108page :
_billustration ;
_c 24 cm.
336 _2rda contenu
_a texte
337 _2rda medias
_aOrdinateur
338 _2 transporteur rda
_a Ressource en ligne
504 _a
546 _aText in English
650 1 4 _2Public international law
651 1 _2
856 4 0 _uhttps://fll.law.cu.edu.eg/fulltext/bks/B11-05273.pdf
905 _a50
942 _2ddc
_cBK
_e21
_n0
999 _c68557
_d68557